=LDR 00000nam 2200000 4500 =001 INLIS000000000033196 =005 20130612135151 =008 ***********************************ind** =035 ##$$0010-061300000033196 =041 ##$$a ind =082 ##$$a 644 =090 ##$$a 644, Tan u =100 ##$$a TANGORO, Dwi =245 ##$$a Utilitas Bangunan/ Dwi Tangoro =260 ##$$a 2006 $b Jakarta =300 ##$$a vii, 161 hlm, ilus, 23 cm =650 ##$$a Utilitas - Fasilitas Bangunan =850 ##$$a NBPNMAT